Welcome to CU Library Online Public Access Catalogue (OPAC)

Operations management : (Record no. 4708)

MARC details
000 -LEADER
fixed length control field 00661pam a2200205 a 4500
001 - CONTROL NUMBER
control field 4833462
005 - DATE AND TIME OF LATEST TRANSACTION
control field 20250312112220.0
008 - FIXED-LENGTH DATA ELEMENTS--GENERAL INFORMATION
fixed length control field 900802s1991 mnuaf b 001 0 eng
020 ## - INTERNATIONAL STANDARD BOOK NUMBER
International Standard Book Number 031478148X (hard)
050 00 - LIBRARY OF CONGRESS CALL NUMBER
Classification number TS155
Item number .V66 1991
082 00 - DEWEY DECIMAL CLASSIFICATION NUMBER
Classification number 658.5
Edition information 20
100 1# - MAIN ENTRY--PERSONAL NAME
Personal name Vonderembse, Mark A.,
Dates associated with a name 1948-
245 10 - TITLE STATEMENT
Title Operations management :
Remainder of title concepts, methods, and strategies /
Statement of responsibility, etc. Mark A. Vonderembse, Gregory P. White.
250 ## - EDITION STATEMENT
Edition statement 2nd ed.
260 ## - PUBLICATION, DISTRIBUTION, ETC.
Place of publication, distribution, etc. St. Paul :
Name of publisher, distributor, etc. West,
Date of publication, distribution, etc. c1991.
300 ## - PHYSICAL DESCRIPTION
Extent xxvi, 857 p., [8] p. of plates :
Other physical details ill. (some col.) ;
Dimensions 27 cm.
650 #0 - SUBJECT ADDED ENTRY--TOPICAL TERM
Topical term or geographic name entry element Production management.
700 1# - ADDED ENTRY--PERSONAL NAME
Personal name White, Gregory P.,
Dates associated with a name 1948-
942 ## - ADDED ENTRY ELEMENTS (KOHA)
Source of classification or shelving scheme Library of Congress Classification
Koha item type Books
Suppress in OPAC No
999 ## -
-- 4708
-- 4708
Holdings
Withdrawn status Lost status Source of classification or shelving scheme Damaged status Not for loan Collection Home library Current library Shelving location Date acquired Total checkouts Full call number Barcode Date last seen Copy number Price effective from Koha item type
    Library of Congress Classification     Non-fiction Undergraduate Library (Christ Temple) Undergraduate Library (Christ Temple) General stacks 03/12/2025   TS155 VON ulct00001660 03/12/2025 1 03/12/2025 Books
© 2023-2024 Copyright: Central University Libraries. All Rights Reserved | Created by: Mahone Tech Office